| 000 | 01446nam0a2200325 4500 | ||
|---|---|---|---|
| 001 | RU\NLR\bibl\801818 | ||
| 005 | 20250614125827.0 | ||
| 010 |
_a5-8291-0488-1 _91000 |
||
| 021 |
_aRU _b2005-9093 _9474 |
||
| 035 | _a(NLR Aleph) 000790985 | ||
| 090 |
_a1121557 _c1121557 |
||
| 100 | _a20050519d2004 |||y0rusy50 ca | ||
| 101 | 0 | _arus | |
| 102 | _aRU | ||
| 105 | _aa ||||||||| | ||
| 200 | 1 |
_aДвести лет геологической школы Московского университета в портретах ее основоположников и выдающихся деятелей (1804-2004 гг.) _fЕ. Е. Милановский _gМГУ им. М. В. Ломоносова |
|
| 210 |
_aМосква _cАкадемический Проект _d2004 |
||
| 215 |
_a445, [1] c. _cил., портр. _d21 |
||
| 300 | _aНа обороте тит. л.: К 250-летию Моск. ун-та | ||
| 320 | _aБиблиогр. в примеч. в конце глав | ||
| 601 | 0 | 2 |
_aМГУ им. М.В. Ломоносова _bГеологический факультет _xИстория _92305952 _3RU\NLR\auth\661380313 |
| 686 | _aД3е(2)л3г | ||
| 700 | 1 |
_aМилановский _bЕ. Е. _f1923-2012 _gЕвгений Евгеньевич _4070 |
|
| 801 | 0 |
_aRU _bNLR _c20050519 _grcr |
|
| 801 | 1 |
_aRU _bNLR _c20050519 |
|
| 830 | _aавт. по кн. | ||
| 942 | _cBOOK | ||
| 980 | _aNB | ||